00373nam a2200133Ia 450000500170000000800410001702000150005808200130007310000190008624500430010526000380014830000130018650000400019920250612021526.0240331s9999 xx 000 0 und d a9559530119 bBANa323 aBanduthilake,M 0aSri Lanka viyawasthadayakaye kanthawoo acolombobchega enterprises c1991 a148 p ., aWomen in the Sri Lankan Legislature